Cenová diskriminácia v prostredí monopolu bakalárska práca

Enregistré dans:
Détails bibliographiques
Auteur principal: Gajdoš, Marián
Collectivité auteur: Fakulta podnikového manažmentu EU. Katedra podnikovohospodárska
Autres auteurs: Kissová, Jana, 1979-
Format: Livre
Langue:slovaque
Publié: Bratislava 2011
Tags: Ajouter un tag
Pas de tags, Soyez le premier à ajouter un tag!

MARC

LEADER 00000nbm a2200000 4500
001 0131345
005 20161109111419.0
041 0 |a slo 
044 |a SK 
245 1 0 |a Cenová diskriminácia v prostredí monopolu  |b bakalárska práca  |c Marián Gajdoš ; školiteľ: Jana Kissová 
264 1 |a Bratislava  |c 2011 
300 |a 42 s. 
100 1 |a Gajdoš, Marián 
700 1 |a Kissová, Jana, 1979- 
710 2 |a Fakulta podnikového manažmentu EU. Katedra podnikovohospodárska